01149nam a22003137a 4500001001300000003000900013005001700022007000300039008003400042040005400076041001000130072002000140090002200160100002000182110006600202245017500268260003400443300001000477500004700487650002300534650002100557650001500578650001000593650001400603909003600617942000700653999001700660952015800677BR2015005803BR-BrBNA20230928104736.0ta230509b bl.||||| |||| 00| 0 por d aBR-BrBNAbporcBiblioteca Nacional de Agricultura a(Eng) aH20b3930b4010  3930 BR20150058031 aCosta, L.S.A.S.1 aUniversidade Federal de Lavras, MG (Brasil)0Tese (doutorado)1 aVolatiles produced by microbiota from (Meloidogyne exigua)egg masses and plant volatile emission in response to single and dual infestations with spider mite and nematode3 aLavras, MG (Brasil): c2014.  a94 p. aSummaries (Eng, Por); Several Bibliography aCONTROLE BIOLOGICO aANATOMIA VEGETAL aINFESTACAO aACARO aNEMATOIDE a202309bLuciac55dLucia Elande cBK c81510d81510 002AGRIS40708AGROBASEa41918b41918l0o 3930 BR2015005803p3930 BR2015005803r2023-09-25t01yBK10d2023-09-25ePortaria Interministerial nÂș 164/94